00886nam a22001817a 4500003000900000008004100009040007100050082002100121100003100142245006800173260003700241300003100278505028400309650003000593650002600623650002900649650002600678AR-CdUCM190307b ||||| |||| 00| 0 spa d aMUNICIPALIDAD PROVINCIAL DEL CUSCOcBIBLIOTECA MUNICIPAL DEL CUSCO a371.207 / bAM55 aAmpuero Casquino, Lizandro aLa planificación estratégica para la gestión educativa /  aCusco : b[Graficolors], c2015. a172 páginas ; c20.5 cm. aContenido: Planificación estratégica para la gestión educativa -- Evolución de la planificación estratégica -- Doctrinas o filosofías de una empresa educativa -- Definición de planeación educativa -- El currículo -- El buen desempeño profesional docente ... aPlanificación educativa aGestión educacional aAdministración escolar aEstudio y enseñanza